Psicología de la educación
Guardat en:
| Autor principal: | |
|---|---|
| Format: | Llibre |
| Idioma: | espanyol |
| Publicat: |
Madrid
Eudema
1992
|
| Col·lecció: | Psicología y Educación
|
| Matèries: | |
| Etiquetes: |
Afegir etiqueta
Sense etiquetes, Sigues el primer a etiquetar aquest registre!
|
MARC
| LEADER | 00000nam a2200000 a 4500 | ||
|---|---|---|---|
| 001 | UCX9785 | ||
| 003 | CL-VaPUC | ||
| 008 | 940627e19920000SP |||||||||||||||||spa|d | ||
| 082 | 0 | 4 | |a 370.15 |b BEL |2 21 |
| 100 | 0 | |a Beltrán Llera, Jesús A |e author |9 327269 | |
| 245 | 1 | 0 | |a Psicología de la educación |
| 300 | |a 662 p | ||
| 942 | |c BK | ||
| 945 | |d 19940627 00:00:00 |a rbrito | ||
| 260 | |a Madrid |b Eudema |c 1992 | ||
| 650 | 0 | |a Psicología del aprendizaje |9 306854 | |
| 583 | |a last modification |c 20190806 12:15:55 |k Rodrigo Vera | ||
| 490 | 0 | |a Psicología y Educación | |
| 999 | |c 228937 |d 228935 | ||
| 952 | |0 0 |1 0 |4 0 |6 370_150000000000000_BEL_1992 |7 0 |8 A |9 229442 |a BIBEDU |b BIBEDU |d 2019-11-15 |i 2987988 |o 370.15 BEL 1992 |p 2987988 |r 2019-11-15 |w 2019-11-15 |y BK |k EDU | ||